[Event "US Amateur West-ch"]
[Site "Palo Verde"]
[Date "2003.05.26"]
[Round "5"]
[White "Matagrano, John"]
[Black "Mielke, Jason"]
[Result "1-0"]
[WhiteElo "1796"]
[BlackElo "1930"]
[PlyCount "127"]
[EventDate "2003.05.24"]
[EventType "swiss"]
[EventRounds "6"]
[EventCountry "USA"]
[SourceTitle "EXT 2014"]
[Source "ChessBase"]
[SourceDate "2013.11.20"]
[SourceVersion "1"]
[SourceVersionDate "2013.11.20"]
[SourceQuality "1"]

1. d4 Nf6 2. Nf3 g6 3. Bg5 Ne4 4. Bh4 d5 5. Nbd2 Bg7 6. e3 Bg4 7. Be2 Nd6 8. 0-0 c5 9. c3 Qb6 10. Qa4+ Bd7 11. Qb3 c4 12. Qxb6 axb6 13. Bg3 f5 14. Bxd6 exd6 15. b3 b5 16. a4 bxa4 17. bxc4 f4 18. exf4 0-0 19. g3 Re8 20. Bd3 Bc6 21. cxd5 Bxd5 22. Bc4 Bxc4 23. Nxc4 Ra6 24. Rfb1 Rc8 25. Rxb7 Rxc4 26. Rxb8+ Bf8 27. Ra3 h6 28. Nd2 Rcc6 29. c4 Ra7 30. Rb4 Rca6 31. Nb1 Bg7 32. Nc3 Bxd4 33. Rbxa4 Rxa4 34. Rxa4 Rb7 35. Nb5 Bc5 36. Ra6 Rd7 37. Rc6 Kf7 38. Rc7 Ke6 39. Kg2 Rd8 40. Nc3 Ra8 41. Ne4 Bd4 42. Rc6 Rd8 43. c5 Kd5 44. Rxd6+ Rxd6 45. Nxd6 Bxc5 46. Nf7 Bf8 47. Nh8 g5 48. fxg5 hxg5 49. Ng6 Bg7 50. h4 gxh4 51. Nxh4 Ke6 52. f4 Ba1 53. Kf3 Kf6 54. Ke4 Bb2 55. g4 Bc3 56. g5+ Kf7 57. f5 Bb2 58. Ng6 Bg7 59. Ne5+ Ke7 60. Kf4 Ke8 61. f6 Bf8 62. Kf5 Ba3 63. g6 Kf8 64. g7+ 1-0